000 00784nam a2200217 i 4500
001 170763
003 ES-MaACL
005 20250808062741.0
008 090403s1952 sp |||| | spa d
100 1 _aJuan de Ávila
_cSanto.
_9139727
245 1 0 _aObras completas del B. Mtro. Juan de Ávila.
_nI /
_cbiografía, introducciones, edición y notas de Luis Sala Balust.
250 _aEd. crítica.
260 _aMadrid :
_b[La Editorial Católica],
_c1952.
300 _aXXXVIII, 1120 p. ;
_c20 cm.
490 1 _aBiblioteca de autores cristianos ;
_v89
505 8 _aContiene : Epistolario ; Escritos menores
700 0 _aSala Balust, Luis.
_9101657
830 0 0 _aBiblioteca de autores cristianos
_v89
_9178679
852 _aES-MaACL
_jJ-87
_9R.46092
999 _c170763
_d170763